| 000 | 00542nam a22001697a 4500 | ||
|---|---|---|---|
| 003 | OSt | ||
| 008 | 250401b |||||||| |||| 00| 0 eng d | ||
| 020 | _a9789364685153 | ||
| 082 | _a371.264 SHN | ||
| 100 | _aSHARMA,Priyanka | ||
| 245 | _aNTA,UGC,NET,SET,JRF2024-25 Teaching and Research Aptitude Previous Year Solved Papers and Practice Questions (2017-2024) Paper-1 | ||
| 250 | _a1st ed | ||
| 260 |
_aNew Delhi _bS.Chand _c2025 |
||
| 300 | _a357 | ||
| 650 | _aNTA,UGC,NET,SET,JRF2024-25 Teaching and Research Aptitude | ||
| 942 |
_2ddc _cBK |
||
| 999 |
_c13296 _d13296 |
||